Fluid mechanics through worked out problems (Record no. 2538)

000 -LEADER
fixed length control field 00578nam a22002177a 4500
001 - CONTROL NUMBER
control field 2538
003 - CONTROL NUMBER IDENTIFIER
control field BD-DhUET
008 - FIXED-LENGTH DATA ELEMENTS--GENERAL INFORMATION
fixed length control field 140924b xxu||||| |||| 00| 0 eng d
020 ## - INTERNATIONAL STANDARD BOOK NUMBER
International Standard Book Number 9843109230
040 ## - CATALOGING SOURCE
Transcribing agency 0
Modifying agency BD-DhUET
082 ## - DEWEY DECIMAL CLASSIFICATION NUMBER
Classification number 532
Item number QUA/2006
100 ## - MAIN ENTRY--PERSONAL NAME
Personal name Quamrul Islam , Md.
245 ## - TITLE STATEMENT
Title Fluid mechanics through worked out problems
250 ## - EDITION STATEMENT
Edition statement 1st ed.
260 ## - PUBLICATION, DISTRIBUTION, ETC. (IMPRINT)
Place of publication, distribution, etc. Gazipur
Name of publisher, distributor, etc. Islamic University of Technology
Date of publication, distribution, etc. 2006
300 ## - PHYSICAL DESCRIPTION
Extent xii,777 p.
504 ## - BIBLIOGRAPHY, ETC. NOTE
Bibliography, etc Includes bibliographies
650 #0 - SUBJECT ADDED ENTRY--TOPICAL TERM
Topical term or geographic name as entry element Fluid mechanics
700 ## - ADDED ENTRY--PERSONAL NAME
Personal name Mondal , Amalesh Chandra
942 ## - ADDED ENTRY ELEMENTS (KOHA)
Koha item type General Book
Holdings
Koha date last borrowed Koha renewals Copy number Date acquired Koha issues (times borrowed) Koha date last seen Shelving location Location (home branch) Damaged status Sublocation or collection (holding branch) Source of classification or shelving scheme Lost status Not for loan Koha out on loan Piece designation (barcode) Koha normalized classification for sorting Koha full call number Koha item type Price effective from Withdrawn status
2024-08-31 12014-09-2492024-08-31Circulation sectionCentral Library, BUET Central Library, BUET   2024-09-14102749532QUA2006532/QUA/2006General Book2014-09-24 
2025-08-10 22014-09-24162025-11-09Circulation sectionCentral Library, BUET Central Library, BUET    102750532_000000000000000_QUA_2006532/QUA/2006General Book2014-09-24 
2026-03-30132014-09-24152026-04-12Circulation sectionCentral Library, BUET Central Library, BUET    102751532_000000000000000_QUA_2006532/QUA/2006General Book2014-09-24 
2025-06-30 42015-08-17242025-06-30Circulation sectionCentral Library, BUET Central Library, BUET   2025-07-14102748532_000000000000000_QUA_2006532/QUA/2006General Book2015-08-17 
2023-12-02 52006-11-06102023-12-02Circulation sectionCentral Library, BUET Central Library, BUET   2023-12-16102752532_000000000000000_QUA_2006532/QUA/2006General Book2018-04-21